Получение высокооктановых бензинов из прямогонных бензинов газового конденсата на модифицированных цеолитных катализаторах; Газовая промышленность; № 692 : Спец. вып.

Detalles Bibliográficos
Parent link:Газовая промышленность: научно-технический и производственный журнал/ Газпром.— , 1956-
№ 692 : Спец. вып..— 2013.— С. 26-30
Autor Corporativo: Национальный исследовательский Томский политехнический университет (ТПУ) Институт природных ресурсов (ИПР) Кафедра геологии и разработки нефтяных месторождений (ГРНМ)
Outros autores: Ерофеев В. И. Владимир Иванович, Медведев А. С., Хомяков И. С. Иван Сергеевич, Снегирев В. И., Ерофеева Е. В.
Summary:Исследованы кислотные и каталитические свойства наноструктурированных цеолитных катализаторов, модифицированных нанопорошками W и Mo, полученных на основе высококремнеземного цеолита типа ZSM5 с использованием органической структурообразующей добавки гексаметилендиамина. Установлено, что введение нанопорошков W и Mo в высококремнеземный цеолит типа ZSM5 в количестве 1–3% методом сухого смешения приводит к повышению выхода ароматических углеводородов и увеличению октанового числа получаемых высокооктановых бензинов, что происходит за счет изменения кислотных свойств модифицированных наноструктурированных цеолитных катализаторов.
Idioma:ruso
Publicado: 2013
Subjects:
Formato: MixedMaterials Capítulo de libro
KOHA link:https://koha.lib.tpu.ru/cgi-bin/koha/opac-detail.pl?biblionumber=555310

MARC

LEADER 00000naa2a2200000 4500
001 555310
005 20260203155140.0
035 |a (RuTPU)RU\TPU\prd\249434 
035 |a RU\TPU\prd\230219 
090 |a 555310 
100 |a 20160113d2013 k||y0rusy50 ca 
101 0 |a rus 
102 |a RU 
200 1 |a Получение высокооктановых бензинов из прямогонных бензинов газового конденсата на модифицированных цеолитных катализаторах  |f В. И. Ерофеев [и др.] 
320 |a Библиогр.: с. 30 (9 назв.) 
330 |a Исследованы кислотные и каталитические свойства наноструктурированных цеолитных катализаторов, модифицированных нанопорошками W и Mo, полученных на основе высококремнеземного цеолита типа ZSM5 с использованием органической структурообразующей добавки гексаметилендиамина. Установлено, что введение нанопорошков W и Mo в высококремнеземный цеолит типа ZSM5 в количестве 1–3% методом сухого смешения приводит к повышению выхода ароматических углеводородов и увеличению октанового числа получаемых высокооктановых бензинов, что происходит за счет изменения кислотных свойств модифицированных наноструктурированных цеолитных катализаторов. 
461 1 |0 (RuTPU)RU\TPU\prd\1766  |t Газовая промышленность  |o научно-технический и производственный журнал  |f Газпром  |d 1956- 
463 1 |0 (RuTPU)RU\TPU\prd\194603  |t № 692 : Спец. вып.  |v С. 26-30  |d 2013 
610 1 |a труды учёных ТПУ 
610 1 |a цеолиты 
610 1 |a нанопорошки 
610 1 |a цеолитные катализаторы 
610 1 |a прямогонные бензины 
610 1 |a газовый конденсат 
610 1 |a переработка 
610 1 |a высокооктановые бензины 
701 1 |a Ерофеев  |b В. И.  |c специалист в области нефтегазового дела  |c профессор Томского политехнического университета, доктор технических наук  |f 1946-  |g Владимир Иванович  |3 (RuTPU)RU\TPU\pers\26104  |9 11934 
701 1 |a Медведев  |b А. С. 
701 1 |a Хомяков  |b И. С.  |c специалист в области нефтегазового дела  |c старший преподаватель Томского политехнического университета, кандидат химических наук  |f 1988-  |g Иван Сергеевич  |3 (RuTPU)RU\TPU\pers\30473 
701 1 |a Снегирев  |b В. И. 
701 1 |a Ерофеева  |b Е. В. 
712 0 2 |a Национальный исследовательский Томский политехнический университет (ТПУ)  |b Институт природных ресурсов (ИПР)  |b Кафедра геологии и разработки нефтяных месторождений (ГРНМ)  |3 (RuTPU)RU\TPU\col\18657 
801 1 |a RU  |b 63413507  |c 20040413  |g PSBO 
801 2 |a RU  |b 63413507  |c 20160113  |g RCR 
942 |c BK